00521 2200169 4500001002100000005001500021035002000036007000300056008003900059082000700098084001300105100001300118245013800131260004600269650002100315990001500336INLIS00000000000988120260413123925 a0010-0426000188ta260413 | | |  a11 a11 WIR p0 aWIRAWATI1 aPENGARUH KINERJA TERHADAP MOTIVASI PEGAWAI PADA BADAN KEPEGAWAIAN DAN PENGEMBANGAN SUMBER DAYA MANUSIA KABUPATEN LAMANDAU /cWIRAWATI aPALANGKA RAYA :bPERPUSTAKAAN UMPR,c2026 4aMOTIVASI PEGAWAI a2311229017